[Event "Ch Latvia (w)"]
[Site "Riga (Latvia)"]
[Date "2021.09.24"]
[Round "8.9"]
[White "Zalcmane Vija (LAT)"]
[Black "Tolmaceva Alona (LAT)"]
[Result "1-0"]
[WhiteElo "1384"]
[BlackElo "1049"]
[Annotator ""]
[Source ""]
[Remark ""]

1.c4 e5 2.Nc3 c5 3.g3 Nc6 4.e3 d6 5.Bg2 f5 6.d3 Nf6 7.Nge2 Be7
8.Nd5 Ng4 9.h3 Nf6 10.Nec3 O-O 11.O-O Kh8 12.a3 Bd7 13.Rb1 a5
14.Bd2 Rb8 15.Nb5 b6 16.b4 axb4 17.axb4 Qc8 18.Nxe7 Nxe7 19.Nxd6
Qc7 20.bxc5 bxc5 21.Nb5 Qc8 22.Kh2 Rg8 23.Nd6 Qf8 24.Rxb8 Ne8
25.Nxe8 Bxe8 26.Qa1 Ng6 27.Bd5 Qf6 28.Bxg8 Kxg8 29.Rxe8+ Nf8
30.Qxe5 Qxe5 31.Rxe5 Nd7 32.Rxf5 g6 33.Rd5 Nf6 34.Rd8+ Kf7 35.Ra1
g5 36.Bc3 Ne8 37.Ra7+ Kg6 38.Rxe8 Kh5 39.Rxh7+ Kg6 40.Rg7+ Kf5
41.e4# 1-0

[Event "Ch Latvia (w)"]
[Site "Riga (Latvia)"]
[Date "2021.09.24"]
[Round "8.11"]
[White "Plauca Lelde (LAT)"]
[Black "Paune Inese (LAT)"]
[Result "0-1"]
[WhiteElo "1021"]
[BlackElo "1405"]
[Annotator ""]
[Source ""]
[Remark ""]

1.e4 e5 2.Nf3 Nc6 3.Nc3 Nf6 4.d3 Bc5 5.Be2 h6 6.O-O O-O 7.a3
a6 8.b4 Ba7 9.Bb2 Re8 10.Re1 d6 11.h3 Ne7 12.Bf1 Be6 13.d4 exd4
14.Nxd4 Bd7 15.Nf3 Ng6 16.Bc4 Nh5 17.Qd5 Be6 18.Qxh5 Bxc4 19.Nd2
Be6 20.Ne2 Bd7 21.Ng3 Nf4 22.Qf3 Qg5 23.Qc3 Bc6 24.Nf3 Qxg3 25.Qxg7+
Qxg7 26.Bxg7 Kxg7 27.Nd2 Bd4 28.Rab1 Bc3 29.Rbd1 Bxd2 30.Rxd2
a5 31.Re3 axb4 32.Rg3+ Kf8 33.axb4 Rxe4 34.c3 Re1+ 0-1

[Event "Ch Latvia (w)"]
[Site "Riga (Latvia)"]
[Date "2021.09.24"]
[Round "8.12"]
[White "Mierina Lauma (LAT)"]
[Black "Guminskaya Daria (LAT)"]
[Result "1-0"]
[WhiteElo "1126"]
[BlackElo "1174"]
[Annotator ""]
[Source ""]
[Remark ""]

1.e4 c5 2.Nf3 d6 3.Bc4 Nf6 4.Nc3 a6 5.a4 e6 6.Ba2 Be7 7.O-O O-O
8.d4 cxd4 9.Qxd4 Nc6 10.Qd1 e5 11.Re1 b6 12.Nd5 Nxd5 13.Bxd5
Bb7 14.c3 Qc7 15.Be3 Na5 16.Qd3 Bxd5 17.Qxd5 Rab8 18.Rac1 Nc4
19.b3 Na5 20.Nd2 b5 21.b4 Nc4 22.axb5 axb5 23.Nxc4 bxc4 24.Ra1
Rb7 25.Ra5 Rfb8 26.Rea1 Qc8 27.Rb1 Qc7 28.Ra6 Rb5 29.Rc6 Qb7
30.Qxc4 Bf8 31.Rc7 Qa8 32.Ra7 1-0